"Краткий экономический обзор результатов оккупации немцами Судетской области Чехословакии", составленный в торгпредстве СССР в Ч...

RUSMARC
00003974cbm0a2200277#x 450
001e7cf87ed-5414-43e7-bda2-c34cbca53a56
00520200414120147.0
100##$a20200406j19381019k###0rusy50 ca
1010#$arus
102##$aCZ
1220#$ad19381019##
2001#$a"Краткий экономический обзор результатов оккупации немцами Судетской области Чехословакии", составленный в торгпредстве СССР в Чехословакии
$j19 октября 1938 г.
251##$cДокумент
300##$aКопия
461#0$12001
$aФ. 413
$1251
$cФонд
$1852
$j413
462#0$12001
$aОп. 13
$1251
$cОпись
$1852
$j13
462#0$12001
$aД. 2280
$vЛ. 85–89
$1251
$cДело
$1852
$j2280
605##$aВторая мировая война в архивных документах (Комплекс оцифрованных архивных документов, кино- и фотоматериалов)
$lколлекция
$2prlib_sh
$3LIBNET\UAF\0000088514
617##$2prlib_sh
$aСССР
$f1938
617##$2prlib_sh
$aЧехословакия
$f1938
617##$2prlib_sh
$aГермания
$f1938
801#0$aRU
$bПБ им. Б.Н. Ельцина
$c20200406
801#1$aRU
$bПБ им. Б.Н. Ельцина
$c20200406
$2rusmarc
801#2$aRU
$bПБ им. Б.Н. Ельцина
$c20200414
$2rusmarc
850##$aРоссийский государственный архив экономики
852##$aРГАЭ
$jЛ. 85–89
035##$aLIBNET\0001068456
937##$d144016636
$hРоссийский государственный архив экономики
8564#$uhttp://readingroom.main.prlib.ru/item.aspx?id_node=n144016636&mode=full
Формат отображения